00551nam a2200181Ia 4500008004100000020001900041041000800060082001700068100001600085245001000101260003400111300002000145365000800165650002100173700001600194999002100210952013800231260330s2024 xx 000 0 und d a978191171709-6 aeng a1.64404bSUM aSULEYMAN,M. aNEXUS bPENGUIN BOOKS LTD. PUNEc2024 aXXXVI/492pgbPB cRs. aComputer Science aSULEYMAN,M. c1218410d1218410 00104070aAKSbAKSd2026-03-01ePradip Book Dist.g989.10l0o1.64404/SUMpAKS-C-04890r2026-03-30 00:00:00v989.10w2026-03-30yBK